Breach - Twenty one pilots - Statistiques

Statistiques générales
  • Ce quiz a été pris 122 fois
  • Le résultat moyen est 11 sur 14
Statistiques - réponses
Numéro Titre % Correct
1. City Walls
95%
3. Drum Show
90%
5. The Contract
88%
2. RAWFEAR
86%
6. Downstairs
85%
7. Robot Voices
84%
4. Garbage
82%
9. Cottonwood
81%
13. Intentions
79%
12. Tally
79%
10. One Way
77%
8. Center Mass
71%
11. Days lie dormant
71%
14. bonus track Drag Path
70%
Aucun quiz correspondant
Distribution des résultats
% des personnes avec chaque résultat
Percentile par nombre de réponses
Votre historique - résultats
Vous n’avez pas pris ce quiz